000 00377nam a2200145Ia 4500
008 240624s9999 xx 000 0 und d
041 _aeng
082 _a658.4012 FRI
100 _aFRIEND GRAHAM
245 _aGUIDE TO BUSINESS PLANNING
250 _a(2nd ed.)
260 _c2012
_aNew Delhi
_bViva Books Private Limited
300 _a282 : p. : cm. ; 24
365 _cRS
_b33.5
999 _c18844
_d18844